História zásobovania obyvateľstva pitnou vodou
Stručné dejiny zásobovania obyvateľstva pitnou vodou. Staroveké vodovody. Staroveké kanalizácie.
Salvato in:
| Autore principale: | |
|---|---|
| Natura: | Capitolo di libro |
| Lingua: | slovacco |
| Soggetti: | |
| Tags: |
Nessun Tag, puoi essere il primo ad aggiungerne!!
|
MARC
| LEADER | 00000naa a2200000 4500 | ||
|---|---|---|---|
| 001 | r045808 | ||
| 005 | 20230925120127.8 | ||
| 041 | 0 | |a slo | |
| 044 | |a SK | ||
| 245 | 1 | 0 | |a História zásobovania obyvateľstva pitnou vodou |c Jozef Kriš |
| 520 | |a Stručné dejiny zásobovania obyvateľstva pitnou vodou. Staroveké vodovody. Staroveké kanalizácie. | ||
| 610 | 2 | 0 | |a vodovody |
| 610 | 2 | 0 | |a kanalizácia |
| 610 | 2 | 0 | |a voda pitná |
| 610 | 2 | 0 | |a zásobovanie obyvateľstva |
| 610 | 2 | 0 | |a história |
| 100 | 1 | |a Kriš, Jozef | |